Österreich nach Buchstabe - K - Statistiken

Allgemein
  • Dieses Quiz wurde 60 mal gespielt
  • Das Durchschnittsergebnis liegt bei 13 aus 20
Antwortstatistiken
Hinweis Antwort % Korrekt
Südlichstes Bundesland Kärnten
98%
"Royale" Süßspeise aus Palatschinkenteig Kaiserschmarrn
93%
Wintersportort und Schauplatz der Streifabfahrt Kitzbühel
89%
Traditionells Faschingsgebäck Krapfen
89%
Auflagenstärkste Zeitung Kronen Zeitung
82%
Letzter Kaiser Österreichs Karl I.
80%
Steirisches Öl, eine geschütze Marke Kürbiskernöl
77%
Österreichisch-Tschechischer Schriftsteller ("Die Verwandlung") Kafka
70%
Jugendstil-Maler, "Der Kuss" Klimt
70%
Der Lindwurm und Minimundus sind hier beheimatet Klagenfurt
66%
Fand 1814-1815 in Wien statt Kongress
66%
Längstdienender Bundeskanzler (1970-1983) Kreisky
61%
Hier befindet sich die Justizanstalt Stein Krems
50%
Höchste Wasserfälle Österreichs Krimmler Wasserfälle
50%
Begräbnisstätte der Kaiserdynastie Kapuzinergruft
45%
Auf diesem Hügel befindet sich das ORF-Zentrum Küniglberg
45%
Krimiserie um den gleichnamigen Major (1976–1984) Kottan ermittelt
43%
Erste Bergsteigerin, die alle Achttausender ohne Sauerstoffflasche bestiegen hat Kaltenbrunner
36%
Trachtenhose Krachlederne
27%
Hip-Hop Song von Skero und erstes Jugendwort des Jahres (2010) Kabinenparty
25%
Keine übereinstimmenden Quizze gefunden
Verteilung der Resultate
Anzahl Personen mit jedem Resultat
Perzentil nach korrekt beantworteten Fragen
Ihre Resultats-Entwicklung
Sie haben dieses Quiz noch nicht gespielt